00686nam a2200241 a 4500001001300000003000900013005001700022008004100039020001000080082001300090100001700103245003500120260004400155300000800199500003500207505002300242650001900265700001700284902000800301942000700309952011300316999001500429nice12345678IN_TiNIC20260116011728.0050524s1980 boma grp 000 0 eng  ac10000a270bTEN aTeng, Philip aCrises in the Apostolic Church aBombaybGospel Literature Servicec1980 a64p aincludes index and biblioraphy2 aGlossary and Index aChurch-History1 aTeng, Philip bSRS cBK 001040708StackRoom-aHMIbHMId2007-07-17g100.00l0o270 TENp09832r2007-07-17v100.00w2005-05-24yBK c3565d3565